000 00521nam a22001697a 4500
005 20251108165513.0
008 250721s9999 xx 000 0 ara d
082 1 4 _aم/811.9562/رشي
100 1 _aالخوري، رشيد سليم
245 1 0 _aالشاعر القروي :
_bالأعمال الكامله : الشعر /
264 1 _aطرابلس(لبنان) :
_bجروس بروس،
_c[19-].
300 _a629ص
650 1 7 _aالشعر العربي
650 1 7 _aلبنان
942 _2ddc
_cREF
999 _c29479
_d29479